Determinants of labour productivity
Determinanty produktivity práce v slovenských priemyselných firmách analyzované na základe vlastníctva, priemerných miezd, ziskovosti z predajných výnosov a inovačnej aktivity v investíciách do vedy a výskumu. Regresná a korelačná anlaýza.
Enregistré dans:
| Auteur principal: | |
|---|---|
| Autres auteurs: | , |
| Format: | Chapitre de livre |
| Langue: | anglais |
| Sujets: | |
| Tags: |
Pas de tags, Soyez le premier à ajouter un tag!
|
MARC
| LEADER | 00000naa a2200000 4500 | ||
|---|---|---|---|
| 001 | 0211095 | ||
| 005 | 20240502073521.5 | ||
| 041 | 0 | |a eng | |
| 044 | |a SK | ||
| 245 | 1 | 0 | |a Determinants of labour productivity |c Aneta Bobenič Hintošová, Daniela Kerbčárová, Zuzana Kubíková |
| 520 | |a Determinanty produktivity práce v slovenských priemyselných firmách analyzované na základe vlastníctva, priemerných miezd, ziskovosti z predajných výnosov a inovačnej aktivity v investíciách do vedy a výskumu. Regresná a korelačná anlaýza. | ||
| 610 | 2 | 0 | |a produktivita práce |
| 610 | 2 | 0 | |a mzdy priemerné |
| 610 | 2 | 0 | |a zisk |
| 610 | 2 | 0 | |a vlastníctvo priemyselné |
| 610 | 2 | 0 | |a zamestnanci |
| 100 | 1 | |a Bobenič Hintošová, Aneta, 1979- | |
| 700 | 1 | |a Kerbčárová, Daniela, 1989- | |
| 700 | 1 | |a Kubíková, Zuzana | |